000 00315nam a2200133Ia 4500
003 OSt
005 20231207102849.0
008 170524s9999 xx 000 0 und d
020 _a9788190982856
040 _cIIMT UNIVERSITTY
100 _aSingh Saraj
245 0 _aFundamentals of Programming in C
942 _2ddc
_c02
999 _c8752
_d8752